| 000 | 00982cam a2200241 4500 | ||
|---|---|---|---|
| 008 | 020508n1996 000 0 eng u | ||
| 020 | _a0582088046 | ||
| 035 | _a(Sirsi) u117900 | ||
| 041 | _aeng. | ||
| 100 | _aSmith, B.J. | ||
| 245 | _aAcoustics and noise control | ||
| 250 | _a2nd ed. | ||
| 260 |
_aHarlow _bLongman _c1996 |
||
| 300 |
_a330p. _bill. _c1996 |
||
| 350 | _a32.99 | ||
| 520 | _aProvides a detailed and comprehensive introduction to the principles and practice of acoustics and noise control. Considers the latest changes in standards, codes of practice and legislation. Topics covered include : the measurement of sound, aural environment, room acoustics, structure and air-borne sound, vibration, noise control engineering and instrumentation. | ||
| 650 | _aNOISE CONTROL | ||
| 650 | _aBUILT ENVIRONMENT-CONSTRUCTION DESIGN-ACOUSTICS | ||
| 690 | _aBUILT ENVIRONMENT-BUILDING STANDARDS | ||
| 700 | _aPeters, R.J. | ||
| 700 | _aOwen, S. | ||
| 942 | _n0 | ||
| 999 |
_c102064 _d102064 |
||